000
00287cam a2200133ua 4500
041
_a
mal
_h
082
_a
894.812301
_b
RAj/NE
100
_a
Rajaji, .
245
_a
Neethikathakal /
_c
Rajaji.
_h
Textual Documents
300
_a
207 ; .
504
_a
942
_c
BK
999
_c
5959
_d
5959